000 00724cam a22002413a 4500
001 17649
003 PGUSA
005 20140828083357.0
008 060131s2006||||xxu|||||s|||||000 | eng d
040 _aPGUSA
_beng
042 _adc
050 4 _aAP
245 1 4 _aThe Germ :
_bThoughts towards Nature in Poetry, Literature and Art
_h[electronic resource] /
_cVarious
260 _bProject Gutenberg,
_c2006
506 _aPublic domain in the USA.
516 _aElectronic text
653 _aPre-Raphaelitism
700 1 _aRossetti, Dante Gabriel,
_d1828-1882
700 1 _aRossetti, William Michael,
_d1829-1919
830 0 _aProject Gutenberg
_v17649
856 4 0 _uhttp://www.gutenberg.org/ebooks/17649
942 _cEB
999 _c246904
_d246904